| 000 | 01553cam a22004694i 4500 | ||
|---|---|---|---|
| 003 | PE-LiUPU | ||
| 005 | 20250731173554.0 | ||
| 008 | 150616s1990 is rb 000 0 eng d | ||
| 020 | _a9652420085 | ||
| 035 | _a(Sirsi) i9789652420084 | ||
| 040 |
_aPE-LiUPU _bspa _cPE-LiUPU _erda |
||
| 049 | _aPRUA | ||
| 082 | 0 | 4 |
_a222.6016 _bK18 _221 |
| 100 | 1 |
_aKalimi, Isaac, _eautor. |
|
| 245 | 1 | 4 |
_aThe Book of the Chronicles / _cIsaac Kalimi. |
| 264 | 1 |
_aJerusalem : _bSimor Ltd., _c1990. |
|
| 300 |
_a230 páginas ; _c25 centímetros. |
||
| 336 |
_atext _2rdacontent |
||
| 337 |
_aunmediated _2rdamedia |
||
| 338 |
_avolume _2rdacarrier |
||
| 490 | 1 | _aSimor Bible Bibliographies | |
| 505 | 0 | _aThe book of chronicles by subjects -- The book of chronicles by chapters and verses. | |
| 526 | _aSEG42 | ||
| 526 | _aSEG41 | ||
| 526 | _aSEG40 | ||
| 526 | _aSEG39 | ||
| 526 | _aP94 | ||
| 526 | _aP87 | ||
| 526 | _aP86 | ||
| 526 | _aP85 | ||
| 526 | _aP77 | ||
| 526 | _aP76 | ||
| 526 | _aP35 | ||
| 630 |
_aBiblia. _pA.T. _pCrónicas _vBibliografías. |
||
| 910 |
_ajck _bjvq _cjck |
||
| 942 |
_2ddc _cBOOK |
||
| 949 |
_a222.6016 K18 _wDEWEY _c1 _i43324 _lCCODEBUL1 _mBUL _r0 _sY _tBOOK _u2015-6-16 _xTEOLOGIA _zUNKNOWN _0COMPRA _o.STAFF. Colección Teología |
||
| 994 |
_aC0 _bPEPRU |
||
| 596 | _a1 | ||
| 999 |
_a222.6016 K18 _wDEWEY _c61294 _i43324 _f2021-11-9 _g5 _lCCODEBUL1 _mBUL _p25.00 _r0 _sY _tBOOK _u2015-6-16 _xTEOLOGIA _PP35 _0COMPRA _o.STAFF. Colección Teología _d61294 |
||
| 980 |
_81 _gALBERTO SANCHEZ Responsable de Automatización |
||